En el país del sí me acuerdo : los orígenes nacionales e internacionales del movimiento de derechos humanos argentino: de la dictadura a la transición /

Guardado en:
Otros Autores: Kotler, Rubén Isidoro, comp., Jensen, Silvina
Formato: Libro
Publicado: Buenos Aires : Imago Mundi, 2014
Materias:
Etiquetas: Agregar Etiqueta
Sin Etiquetas, Sea el primero en etiquetar este registro!
LEADER 00720nam a22001935a 4500
001 EHU.bham043065
003 AR-BHAM
005 20150302114340.0
008 130507s2014##################000#0#####d
020 |a 9789507931819 
082 3 2 |a 323.21 
245 0 0 |a En el país del sí me acuerdo :  |b los orígenes nacionales e internacionales del movimiento de derechos humanos argentino: de la dictadura a la transición /  |c  Comp. Por Rubén Isidoro Kotler : 
260 |a Buenos Aires :  |b Imago Mundi,  |c 2014 
300 |a 199 p. 
653 |a Derechos humanos 
653 |a Dictadura argentina 
700 1 |a Kotler, Rubén Isidoro, comp. 
700 1 |a Jensen, Silvina 
859 |a AR-BHAM  |b BIB. HUMANIDADES - General  |h 323.21  |i P165  |p 14.15  |t Ej.1